00452nam a22001697a 4500003000700000005001700007008004100024020001800065082001500083100002300098245006600121250001100187260002800198300000800226490003400234650001400268MPLRDC20220104144055.0210129b ||||| |||| 00| 0 eng d a957-529-643-5 a411.1 SCH  aANNE WILSON SCHAEF a超越治疗, 新的科学与全体治疗模式c陈照明译 a初版 ab世茂出版社c1996 b平 aN.L.P. 激发潜能系列. 17 a健康法